| 000 | 00800nas a2200241Ia 4500 | ||
|---|---|---|---|
| 001 | R424/B8307 | ||
| 003 | IT-RoPAU | ||
| 008 | 151124c99999999xx |||||||||||| ||und|| | ||
| 040 | _aIT-RoPAU | ||
| 040 | _cIT-RoPAU | ||
| 041 | _aITALIANO | ||
| 100 |
_aStefani Gino _gCodice Aut. SPICS: 1035 |
||
| 210 | _aPUM-PROGETTO UOMO-MUSICA | ||
| 222 | _aPum-Progetto Uomo-Musica | ||
| 245 |
_aPROGETTO UOMO-MUSICA, ANNO 02-N.04 (LUGLIO 1993) _bParola All'Ascolto (La) - Dalle Risposte Alla Musica |
||
| 250 | _a1a ed. | ||
| 260 |
_aASSISI _bPRO CIVITATE CHRISTIANA _c1993 |
||
| 501 |
_bPaulus - SPICS - Società San Paolo EM (non-commercial uses only) _cCopyright2015 |
||
| 300 | _a9 p. [11-19] | ||
| 362 | _aANNO 002, N.04 (LUGLIO 1993) | ||
| 650 |
_aMUSICA _vPUBBLICAZIONE PERIODICA |
||
| 942 | _cCR | ||
| 999 |
_c111824 _d111824 |
||